000 00816nam a22002777a 4500
001 BR9406976
003 BR-BrBNA
005 20230928094405.0
007 ta
008 230509b bl.||||| |||| 00| 0 por d
040 _aBR-BrBNA
_bpor
_cBiblioteca Nacional de Agricultura
041 _a(Por)
072 _aL02; L01
_b5214
090 _ 5214 BR9406976
110 1 _aComissao de Desenvolvimento Economico de Pernambuco, Recife (Brasil)
_91976
245 1 _aPlano de melhoramento da alimentacao e do manejo do gado leiteiro. Projeto estadual de Pernambuco
260 3 _aRecife, PE (Brasil):
_c1964.
300 _a73 p.
500 _a22 tables
650 _aGado Leiteiro
650 _aManejo
650 _aNutricao Animal
650 _aPernambuco
909 _a202309
_bLucia
_c55
_dLucia Elande
942 _cBK
999 _c50461
_d50461